[Event "BL 8485 Zähringen-München 36"]
[Site "?"]
[Date "1985.??.??"]
[Round "?.6"]
[White "Bassler, M."]
[Black "Krause, C."]
[Result "1/2-1/2"]
[WhiteElo "2290"]
[BlackElo "2240"]
[PlyCount "87"]
[EventDate "1985.??.??"]

1. Nf3 g6 2. c4 Bg7 3. Nc3 d6 4. d4 Nf6 5. g3 O-O 6. Bg2 Nbd7 7. O-O e5 8. e4
c6 9. Qc2 exd4 10. Nxd4 a5 11. Rd1 Qc7 12. b3 Nc5 13. Rb1 Bd7 14. a3 Rad8 15.
Bf4 Ne8 16. Be3 Ne6 17. Nxe6 Bxe6 18. Na4 c5 19. Nc3 Qe7 20. Nd5 Bxd5 21. cxd5
Nf6 22. b4 axb4 23. axb4 b6 24. f3 Rb8 25. Bf2 Nd7 26. f4 Nf6 27. h3 Rfe8 28.
e5 Nd7 29. bxc5 bxc5 30. exd6 Qxd6 31. Qa4 Rxb1 32. Rxb1 Bf8 33. Rb7 Nf6 34.
Qb5 Rd8 35. Rb6 Qd7 36. Qxd7 Nxd7 37. Rc6 Nb8 38. Rc7 Na6 39. Ra7 Nb4 40. Ra1
Be7 41. Ra7 Bf8 42. Ra1 Be7 43. Re1 Bd6 44. Ra1 1/2-1/2

[Event "BL 8485 Bayern-Zähringen"]
[Site "?"]
[Date "1985.??.??"]
[Round "?.2"]
[White "Kindermann, S."]
[Black "Herbrechtsmeier, C."]
[Result "1-0"]
[WhiteElo "2490"]
[BlackElo "2325"]
[PlyCount "88"]
[EventDate "1985.??.??"]

1. e4 e5 2. Nf3 Nc6 3. Bb5 a6 4. Ba4 Nf6 5. O-O Be7 6. Re1 b5 7. Bb3 O-O 8. d4
d6 9. c3 Bg4 10. Be3 Na5 11. dxe5 Bxf3 12. Qxf3 dxe5 13. Bc2 Nc4 14. Bc1 c5 15.
b3 Nb6 16. Nd2 Qd7 17. h3 Qe6 18. a4 bxa4 19. bxa4 Rfc8 20. Qe2 a5 21. Rb1 c4
22. Nf1 Ne8 23. Ne3 Ra6 24. Nd5 Nxd5 25. exd5 Qxd5 26. Rb5 Rc5 27. Rb8 Kf8 28.
Ba3 Rc7 29. Rd1 Qe6 30. Bf5 Qxf5 31. Rdd8 f6 32. Rxe8+ Kf7 33. Bxe7 Re6 34.
Rf8+ Kxe7 35. Qb2 Rec6 36. Rbe8+ Kd6 37. Rd8+ Ke6 38. Qd2 Qb1+ 39. Kh2 Kf5 40.
Qe3 h5 41. g4+ hxg4 42. hxg4+ Kg6 43. Qh3 Kg5 44. Rh8 g6 1-0

[Event "BL 8485 Bayern-Zähringen"]
[Site "?"]
[Date "1985.??.??"]
[Round "?.3"]
[White "Schuh, H."]
[Black "Hecht, H."]
[Result "1/2-1/2"]
[WhiteElo "2310"]
[BlackElo "2450"]
[PlyCount "79"]
[EventDate "1985.??.??"]

1. d4 e6 2. Nf3 Nf6 3. c4 Bb4+ 4. Bd2 Qe7 5. g3 Nc6 6. Bg2 Bxd2+ 7. Nbxd2 d6 8.
O-O O-O 9. Rc1 e5 10. d5 Nb8 11. e4 a5 12. b3 Na6 13. a3 Ne8 14. Ne1 f5 15. Nd3
Nf6 16. b4 fxe4 17. Nxe4 Bf5 18. Qe2 axb4 19. axb4 Nb8 20. c5 Nxe4 21. Bxe4
Bxe4 22. Qxe4 Nd7 23. cxd6 Qxd6 24. Rfe1 Rae8 25. Qc4 e4 26. Rxe4 Nb6 27. Qd4
Rxe4 28. Qxe4 Qxd5 29. Qxd5+ Nxd5 30. b5 Rf3 31. Ne5 Rc3 32. Ra1 g5 33. Rd1 Nf6
34. b6 cxb6 35. Rd6 Rc5 36. Rxf6 Rxe5 37. Rxb6 Re7 38. Kg2 Kg7 39. g4 Rf7 40.
h4 1/2-1/2

[Event "BL 8485 Bayern-Zähringen"]
[Site "?"]
[Date "1985.??.??"]
[Round "?.4"]
[White "Bischoff, K."]
[Black "Vatter, H."]
[Result "1/2-1/2"]
[WhiteElo "2375"]
[BlackElo "2250"]
[PlyCount "65"]
[EventDate "1985.??.??"]

1. b3 e5 2. Bb2 Nc6 3. e3 d5 4. Bb5 Bd6 5. Nf3 Qe7 6. c4 a6 7. Bxc6+ bxc6 8. c5
Bxc5 9. Nxe5 Bd6 10. Nxc6 Qg5 11. g3 Bg4 12. f3 Bh3 13. Qe2 Nf6 14. Ba3 Nd7 15.
Bxd6 Qf6 16. Ba3 Qxa1 17. Kf2 Qf6 18. Rc1 Ne5 19. Nxe5 Qxe5 20. d4 Qf5 21. Nd2
Kd8 22. Rc6 Re8 23. Rxa6 Rxa6 24. Qxa6 Qh5 25. Qa5 Bd7 26. h4 Re6 27. Ne4 Bc6
28. Bd6 Rxd6 29. Nxd6 Qg6 30. Nb5 Qc2+ 31. Ke1 Qc1+ 32. Kf2 Qc2+ 33. Ke1
1/2-1/2

[Event "BL 8485 Bayern-Zähringen"]
[Site "?"]
[Date "1985.??.??"]
[Round "?.5"]
[White "Miltner, A."]
[Black "Calvo Minguez, R."]
[Result "0-1"]
[WhiteElo "2280"]
[BlackElo "2410"]
[PlyCount "72"]
[EventDate "1985.??.??"]

1. Nf3 d5 2. b3 Bf5 3. Bb2 e6 4. g3 h6 5. Bg2 Nf6 6. O-O Nbd7 7. d3 Bc5 8. Nbd2
O-O 9. c4 c6 10. a3 a5 11. Bc3 Qe7 12. Qc1 e5 13. d4 exd4 14. Bxd4 Bg6 15. Re1
Bxd4 16. Nxd4 Nc5 17. Qb2 Nce4 18. Nxe4 dxe4 19. Nc2 Ng4 20. h3 Ne5 21. f4 exf3
22. exf3 Qc5+ 23. Qd4 Nd3 24. Re3 Rfd8 25. Qxc5 Nxc5 26. Ne1 Rd2 27. g4 Rb2 28.
f4 Bb1 29. a4 Nxb3 30. Ra3 Nd4 31. f5 Rd8 32. Bf1 Kf8 33. c5 Ba2 34. Re4 Bb3
35. Bd3 Nf3+ 36. Nxf3 Rxd3 0-1

[Event "BL 8485 Bayern-Zähringen"]
[Site "?"]
[Date "1985.??.??"]
[Round "?.6"]
[White "Klundt, K."]
[Black "Bassler, M."]
[Result "1/2-1/2"]
[WhiteElo "2340"]
[BlackElo "2290"]
[PlyCount "100"]
[EventDate "1985.??.??"]

1. e4 g6 2. d4 Bg7 3. Nf3 d6 4. c3 Nf6 5. Nbd2 O-O 6. Bd3 Nc6 7. O-O e5 8. Re1
Nh5 9. Nb3 Bg4 10. dxe5 Bxf3 11. Qxf3 Nxe5 12. Qh3 Nxd3 13. Qxd3 Qh4 14. Nd4
Rfe8 15. Nf3 Qg4 16. h3 Nf4 17. Bxf4 Qxf4 18. Rad1 Re7 19. Qd5 Rb8 20. Rd3 h6
21. Rde3 c6 22. Qd3 Rbe8 23. g3 Qf6 24. Kg2 h5 25. b3 Bh6 26. R3e2 d5 27. e5
Qe6 28. Nd4 Qd7 29. f4 Bg7 30. e6 Qd6 31. f5 Bxd4 32. exf7+ Kxf7 33. fxg6+ Kg8
34. Rxe7 Rxe7 35. Rxe7 Qxe7 36. cxd4 Kg7 37. g4 hxg4 38. hxg4 Qe6 39. Kf3 Qe1
40. Qe3 Qf1+ 41. Kg3 Kxg6 42. Qe8+ Kg7 43. Qe5+ Kg6 44. Qe6+ Kg7 45. Kh4 Qh1+
46. Kg5 Qc1+ 47. Kf5 Qc2+ 48. Kg5 Qc1+ 49. Kf5 Qc2+ 50. Kg5 Qc1+ 1/2-1/2

[Event "BL 8485 Bayern-Zähringen"]
[Site "?"]
[Date "1985.??.??"]
[Round "?.7"]
[White "Kiefer, G."]
[Black "Hickl, J."]
[Result "1/2-1/2"]
[WhiteElo "2220"]
[BlackElo "2275"]
[PlyCount "63"]
[EventDate "1985.??.??"]

1. e4 g6 2. d4 Bg7 3. f4 c5 4. Nf3 cxd4 5. Nxd4 Nc6 6. Nb3 d6 7. Be2 Nf6 8. Nc3
Qb6 9. Bf3 O-O 10. Qe2 e5 11. fxe5 dxe5 12. Qb5 Nd4 13. Qxb6 axb6 14. Nxd4 exd4
15. Nb5 Bd7 16. Nxd4 Nxe4 17. c3 Rfe8 18. O-O b5 19. Nc2 Ra4 20. a3 Be6 21. Nb4
f5 22. Bf4 Bf8 23. Rfe1 Bc4 24. Rad1 Raa8 25. Be3 Rac8 26. g3 Bc5 27. Bxc5 Nxc5
28. Rxe8+ Rxe8 29. Bd5+ Kg7 30. Bxc4 bxc4 31. Rd5 Rc8 32. Kf2 1/2-1/2

[Event "BL 8485 Bayern-Zähringen"]
[Site "?"]
[Date "1985.??.??"]
[Round "?.8"]
[White "Schubert, C."]
[Black "Vogel, R."]
[Result "1-0"]
[WhiteElo "2260"]
[BlackElo "2245"]
[PlyCount "127"]
[EventDate "1985.??.??"]

1. e4 g6 2. d4 Bg7 3. c3 d6 4. f4 Nf6 5. Bd3 O-O 6. Nf3 c5 7. dxc5 dxc5 8. e5
Ng4 9. h3 Nh6 10. g4 f6 11. Bc4+ Nf7 12. Qxd8 Rxd8 13. O-O Nc6 14. Be3 Na5 15.
Bxf7+ Kxf7 16. Bxc5 h5 17. gxh5 Bxh3 18. hxg6+ Kxg6 19. Re1 Nc6 20. exf6 exf6
21. Kf2 Rd3 22. Nbd2 Rad8 23. Be3 Bg4 24. Rg1 f5 25. Nb3 Bf6 26. Nc5 R3d5 27.
c4 Rxc5 28. Bxc5 Rd3 29. Be3 Nd4 30. Nxd4 Bh4+ 31. Kf1 Rxe3 32. Rh1 Bf6 33. Nb5
a6 34. Nc3 Bf3 35. Kf2 Bd4 36. Rhg1+ Kf7 37. Kf1 Bg4 38. Rh1 Bh3+ 39. Rxh3 Rxh3
40. Kg2 Rd3 41. Rd1 Rxd1 42. Nxd1 Ke6 43. Kf3 Kd6 44. Ke2 Kc5 45. Kd3 Bf6 46.
b3 Kb4 47. Ne3 Ka3 48. Nxf5 Kxa2 49. Kc2 a5 50. Ne3 Ka3 51. Nd5 Bd8 52. f5 a4
53. b4 b6 54. Kc3 Ka2 55. f6 a3 56. f7 Bf6+ 57. Kc2 Bg7 58. c5 bxc5 59. bxc5
Ka1 60. c6 a2 61. Nb6 Bf8 62. Nc4 Bb4 63. f8=Q Bxf8 64. Nd2 1-0

[Event "BL 8485 München 36-Koblenz"]
[Site "?"]
[Date "1985.??.??"]
[Round "?.1"]
[White "Gutman, L."]
[Black "Robatsch, K."]
[Result "1-0"]
[WhiteElo "2485"]
[BlackElo "2430"]
[PlyCount "67"]
[EventDate "1985.??.??"]

1. d4 Nf6 2. c4 e6 3. Nc3 Bb4 4. a3 Bxc3+ 5. bxc3 Ne4 6. e3 f5 7. Qh5+ g6 8.
Qh6 Nc6 9. f3 Qg5 10. Qh3 Nd6 11. e4 Qe7 12. e5 Nf7 13. f4 b6 14. a4 Ba6 15.
Ba3 d6 16. Qf3 Bb7 17. Qe3 O-O 18. Nf3 Rfe8 19. h3 Qd7 20. g4 Ne7 21. Kf2 Qxa4
22. Bd3 Qc6 23. d5 Nxd5 24. cxd5 Qxd5 25. exd6 e5 26. d7 Qxd7 27. Rhd1 Bxf3 28.
Qxf3 e4 29. Bc4 Qc6 30. Qe2 Rad8 31. Qa2 e3+ 32. Kg3 Rxd1 33. Bxf7+ Kg7 34.
Bxe8 {.../53/} 1-0

[Event "BL 8485 München 36-Koblenz"]
[Site "?"]
[Date "1985.??.??"]
[Round "?.2"]
[White "Nikolac, J."]
[Black "Schulz, KJ."]
[Result "1-0"]
[WhiteElo "2450"]
[BlackElo "2355"]
[PlyCount "103"]
[EventDate "1985.??.??"]

1. d4 d5 2. Nf3 Nf6 3. c4 dxc4 4. e3 e6 5. Bxc4 a6 6. O-O c5 7. Qe2 b5 8. Bb3
Bb7 9. Rd1 Nbd7 10. Nc3 Be7 11. e4 cxd4 12. Nxd4 Qb8 13. Bxe6 fxe6 14. Nxe6 Qe5
15. Nxg7+ Kf7 16. Nf5 Rhd8 17. f4 Qc5+ 18. Be3 Qc4 19. Qxc4+ bxc4 20. Nxe7 Kxe7
21. e5 Ng4 22. Bd4 Rg8 23. Rd2 Nh6 24. Rad1 Nf5 25. Bf2 Rxg2+ 26. Kf1 Rxf2+ 27.
Kxf2 Nc5 28. Nd5+ Kf7 29. Nf6 Nd3+ 30. Rxd3 cxd3 31. Rxd3 Bc6 32. Rc3 Ne7 33.
Nxh7 Rb8 34. b3 Rb4 35. Rc4 Rxc4 36. bxc4 Kg6 37. Nf6 Kf5 38. Kg3 Ng6 39. Nh5
Nxe5 40. fxe5 Kxe5 41. h4 a5 42. a3 Kd4 43. Nf6 Kxc4 44. h5 Ba4 45. Kf4 Bc2 46.
Ke5 Kb3 47. Ne4 Kxa3 48. h6 a4 49. h7 Kb2 50. h8=Q a3 51. Kd5+ Kc1 52. Qa1+ 1-0

[Event "BL 8485 München 36-Koblenz"]
[Site "?"]
[Date "1985.??.??"]
[Round "?.3"]
[White "Wolf, V."]
[Black "Bastian, H."]
[Result "1-0"]
[WhiteElo "2315"]
[BlackElo "2375"]
[PlyCount "95"]
[EventDate "1985.??.??"]

1. Nf3 Nf6 2. c4 g6 3. b3 Bg7 4. Bb2 O-O 5. g3 c5 6. Bg2 Nc6 7. O-O d6 8. e3
Bg4 9. h3 Bd7 10. d4 Qc8 11. Kh2 a6 12. Nc3 Rb8 13. Qe2 b5 14. cxb5 axb5 15.
dxc5 dxc5 16. Rfc1 c4 17. bxc4 bxc4 18. Nd1 Na5 19. Bc3 Qa6 20. Ne5 Rfd8 21.
Qe1 Rb5 22. Nxd7 Nxd7 23. Rab1 Bxc3 24. Nxc3 Rxb1 25. Rxb1 Nf6 26. Qe2 Rd3 27.
Ne4 Nxe4 28. Rb8+ Kg7 29. Bxe4 Rd7 30. Qb2+ Qf6 31. Qxf6+ Kxf6 32. Rb5 Ra7 33.
Kg2 e6 34. Kf1 Ke7 35. Ke1 Kd7 36. Kd1 Nc6 37. Rb6 Nd8 38. Bb1 Nb7 39. Kc2 Kc7
40. Rb4 Nd6 41. a4 Kc6 42. Kc3 Kc5 43. f3 Rc7 44. Ba2 Kd5 45. e4+ Ke5 46. Rb6
Rd7 47. Rc6 f5 48. Rc5+ 1-0

[Event "BL 8485 München 36-Koblenz"]
[Site "?"]
[Date "1985.??.??"]
[Round "?.4"]
[White "Mueller, Hei"]
[Black "Doncevic, D."]
[Result "1-0"]
[WhiteElo "2270"]
[BlackElo "2360"]
[PlyCount "87"]
[EventDate "1985.??.??"]

1. g3 g6 2. Bg2 c5 3. f4 Bg7 4. Nf3 Nc6 5. e4 d6 6. d3 b6 7. c3 Qd7 8. Be3 e6
9. d4 cxd4 10. Nxd4 Nge7 11. O-O Bb7 12. f5 gxf5 13. exf5 Bxd4 14. Bxd4 Nxd4
15. Bxb7 Qxb7 16. Qxd4 O-O-O 17. fxe6 fxe6 18. Qc4+ Kd7 19. Nd2 Rhf8 20. Rad1
Qc6 21. Qa6 Qc5+ 22. Kg2 Qc6+ 23. Nf3 Nc8 24. Qd3 Rf5 25. Kg1 Qc5+ 26. Nd4 Rdf8
27. Rxf5 exf5 28. Re1 Qd5 29. Qe2 Rg8 30. Qh5 Kc7 31. Qxh7+ Kb8 32. Re6 Rf8 33.
Qg7 Rd8 34. Qf6 Rg8 35. a4 Qa2 36. Re2 Qxa4 37. Qxf5 Re8 38. Rxe8 Qxe8 39. h4
Qe3+ 40. Qf2 Qe4 41. Qg2 Qe3+ 42. Kh2 Qc1 43. Kh3 a5 44. Nb5 1-0

[Event "BL 8485 München 36-Koblenz"]
[Site "?"]
[Date "1985.??.??"]
[Round "?.5"]
[White "Weidemann, J."]
[Black "Zysk, R."]
[Result "0-1"]
[WhiteElo "2290"]
[BlackElo "2325"]
[PlyCount "94"]
[EventDate "1985.??.??"]

1. e4 e5 2. Nc3 Nf6 3. g3 Nc6 4. Bg2 Bc5 5. Nge2 a6 6. d3 d6 7. h3 h6 8. O-O
Bd7 9. Kh2 Qe7 10. Bd2 Nd4 11. Nxd4 Bxd4 12. Ne2 Bb6 13. c4 a5 14. Bc3 Bc6 15.
Qc2 h5 16. f3 g5 17. d4 g4 18. Qd3 gxf3 19. Bxf3 Ng4+ 20. Kg2 exd4 21. Bxd4 Ne5
22. Bxe5 Qxe5 23. Qc3 Qxc3 24. Nxc3 Bd4 25. Rac1 O-O-O 26. Rc2 Rdg8 27. Nd5
Bxd5 28. cxd5 Be5 29. Rfc1 Rxg3+ 30. Kf2 Rxh3 31. Rxc7+ Kb8 32. Ke3 Rh2 33.
R1c2 Rxc2 34. Rxc2 h4 35. b3 h3 36. Bh1 h2 37. Rf2 Rc8 38. Rf1 Rc2 39. Bf3 Rxa2
40. Kd3 Rb2 41. Bd1 Rg2 42. Bf3 Rg1 43. Ke2 Kc7 44. Kf2 Kb6 45. Bh1 Kc5 46. Ke2
Rxf1 47. Kxf1 Kb4 0-1

[Event "BL 8485 München 36-Koblenz"]
[Site "?"]
[Date "1985.??.??"]
[Round "?.6"]
[White "Krause, C."]
[Black "Andruet, G."]
[Result "1-0"]
[WhiteElo "2240"]
[BlackElo "2400"]
[PlyCount "71"]
[EventDate "1985.??.??"]

1. c4 e6 2. Nf3 Nf6 3. b3 b6 4. g3 Bb7 5. Bg2 Be7 6. Bb2 O-O 7. O-O c5 8. d3 d5
9. e3 Nc6 10. Ne5 Qc7 11. f4 Rad8 12. Qe2 Nd7 13. Nxc6 Bxc6 14. Nd2 Bf6 15.
Bxf6 Nxf6 16. Rad1 e5 17. Nf3 exf4 18. gxf4 d4 19. Ne5 Bxg2 20. Kxg2 dxe3 21.
Qxe3 Rd4 22. Qf3 Rd6 23. Rfe1 Rfd8 24. Re3 Nd7 25. Rde1 Nf8 26. f5 Qc8 27. Rf1
Nd7 28. Ng4 Nf6 29. Nf2 Qc7 30. Rfe1 R6d7 31. Ne4 Nxe4 32. Rxe4 f6 33. Re8+
Rxe8 34. Rxe8+ Kf7 35. Qh5+ g6 36. fxg6+ 1-0

[Event "BL 8485 Frechen-Lasker"]
[Site "?"]
[Date "1985.??.??"]
[Round "?.1"]
[White "Wockenfuss, K."]
[Black "Ott, W."]
[Result "1-0"]
[WhiteElo "2335"]
[BlackElo "2300"]
[PlyCount "107"]
[EventDate "1985.??.??"]

1. d4 g6 2. e4 Bg7 3. Nc3 d6 4. g3 Bd7 5. Bg2 Qc8 6. Be3 Nc6 7. h3 e5 8. Nge2
exd4 9. Nxd4 Nge7 10. Qd2 a5 11. Nd5 Nxd5 12. exd5 Nxd4 13. Bxd4 O-O 14. O-O-O
f6 15. Rde1 Rf7 16. h4 c5 17. dxc6 Bxc6 18. Bxc6 bxc6 19. h5 Qf5 20. hxg6 hxg6
21. Bc3 d5 22. Qd4 a4 23. a3 Rc8 24. Qxa4 g5 25. Qa6 c5 26. Qe6 Qxe6 27. Rxe6
d4 28. Bd2 Rb7 29. Rhe1 Kf7 30. Ra6 Rcb8 31. b4 c4 32. c3 d3 33. a4 Rc8 34. Be3
Re7 35. Kd2 f5 36. f4 Rce8 37. Rc6 Rxe3 38. Rxe3 Bxc3+ 39. Kxc3 Rxe3 40. Rxc4
g4 41. a5 Rxg3 42. a6 Rg1 43. Kxd3 g3 44. Rc7+ Kf6 45. Rc6+ Kf7 46. Rc7+ Kf6
47. Ke2 Ra1 48. Rc6+ Kf7 49. Kf3 Ra3+ 50. Kg2 Ke7 51. b5 Kd7 52. Rg6 Ra5 53. a7
Kc7 54. Ra6 1-0

[Event "BL 8485 Frechen-Lasker"]
[Site "?"]
[Date "1985.??.??"]
[Round "?.2"]
[White "Behling, R."]
[Black "Paulsen, D."]
[Result "1-0"]
[WhiteElo "2300"]
[BlackElo "2360"]
[PlyCount "125"]
[EventDate "1985.??.??"]

1. c4 e5 2. Nc3 Nc6 3. Nf3 g6 4. d4 exd4 5. Nxd4 Bg7 6. Nxc6 bxc6 7. g3 Ne7 8.
Bg2 O-O 9. O-O d6 10. Bg5 Rb8 11. Qc2 c5 12. Nd5 f6 13. Bd2 Be6 14. Nf4 Bf7 15.
Rad1 g5 16. Nd3 Bg6 17. Bc3 Qe8 18. Qd2 Nc6 19. Nxc5 dxc5 20. Qd5+ Bf7 21. Qxc6
Qxc6 22. Bxc6 Bxc4 23. Bd5+ Bxd5 24. Rxd5 f5 25. Rxc5 Bxc3 26. bxc3 Rb2 27. e3
Rxa2 28. Rd1 Kg7 29. Rd7+ Kg6 30. Rcxc7 f4 31. exf4 gxf4 32. Rg7+ Kf6 33. gxf4
a5 34. Kg2 h6 35. Rgd7 Kg6 36. Kf3 a4 37. h4 h5 38. Rg7+ Kf6 39. Rh7 Kg6 40.
Rcg7+ Kf6 41. Ra7 Kg6 42. Rhg7+ Kf6 43. Rgc7 Kg6 44. Rc5 Rf6 45. Rg5+ Kh6 46.
Ra8 Rf7 47. Rh8+ Rh7 48. Rhg8 Rc7 49. f5 Kh7 50. R8g6 Kh8 51. f6 Kh7 52. Rg7+
Rxg7 53. Rxg7+ Kh8 54. Rg5 Rc2 55. Rxh5+ Kg8 56. Ra5 Rxc3+ 57. Kg4 Ra3 58. Kg5
Ra1 59. Ra8+ Kf7 60. Ra7+ Kf8 61. h5 a3 62. h6 Rg1+ 63. Kf5 1-0

[Event "BL 8485 Frechen-Lasker"]
[Site "?"]
[Date "1985.??.??"]
[Round "?.7"]
[White "Jacoby, G."]
[Black "Meyer, P."]
[Result "1-0"]
[WhiteElo "2245"]
[BlackElo "2230"]
[PlyCount "101"]
[EventDate "1985.??.??"]

1. e4 Nf6 2. e5 Nd5 3. d4 d6 4. Nf3 Bg4 5. Be2 c6 6. Ng5 Bf5 7. Bd3 Bxd3 8.
Qxd3 h6 9. Ne4 dxe5 10. dxe5 e6 11. O-O Nd7 12. Qg3 Qb6 13. c4 Nb4 14. Rd1
O-O-O 15. Nbc3 Qa5 16. a3 Na6 17. Be3 Nxe5 18. b4 Qc7 19. Rxd8+ Kxd8 20. Bf4 f6
21. Rd1+ Kc8 22. c5 g5 23. Bxe5 Qxe5 24. Qd3 Qc7 25. Nxf6 Be7 26. Qe4 Bxf6 27.
Qxe6+ Kb8 28. Qxf6 Qc8 29. Ne4 Nc7 30. Nd6 Qd8 31. Qa1 Rf8 32. Nxb7 Qf6 33.
Qxf6 Rxf6 34. Na5 Nb5 35. Rd3 Kc7 36. h4 a6 37. hxg5 hxg5 38. a4 Na7 39. Rd4
Nc8 40. Re4 Rf4 41. Rxf4 gxf4 42. Nc4 Ne7 43. Nb2 Nd5 44. Nd3 Kd7 45. Kf1 Ke6
46. Ke2 Kf5 47. Kf3 Kg5 48. Ke4 Nc3+ 49. Ke5 Ne2 50. Kd6 Nd4 51. Ne5 1-0

[Event "BL 8485 Porz-Kreuzberg"]
[Site "?"]
[Date "1985.??.??"]
[Round "?.3"]
[White "Grzesik, F."]
[Black "Goehring, K."]
[Result "1/2-1/2"]
[WhiteElo "2285"]
[BlackElo "2355"]
[PlyCount "106"]
[EventDate "1985.??.??"]

1. e4 e5 2. Nf3 Nc6 3. Bb5 a6 4. Bxc6 dxc6 5. O-O Qd6 6. d4 exd4 7. Nxd4 c5 8.
Ne2 Bd7 9. Bf4 Qxd1 10. Rxd1 O-O-O 11. Nbc3 Ne7 12. Rd2 Bc6 13. Rxd8+ Kxd8 14.
Rd1+ Kc8 15. Be3 Ng6 16. Nf4 Bd6 17. Nfd5 Re8 18. f3 Ne5 19. b3 b5 20. Kf2 Kb7
21. Ne2 a5 22. Nef4 a4 23. bxa4 b4 24. c3 Ra8 25. cxb4 cxb4 26. Ne2 Rxa4 27.
Nc1 Bb5 28. Bd4 f6 29. Be3 Ra6 30. g3 c5 31. Rd2 Nc4 32. Rc2 Nxe3 33. Nxe3 Ra3
34. Nb3 Ba4 35. Nc4 Bxb3 36. axb3 Ra6 37. Nxd6+ Rxd6 38. Rxc5 Rd2+ 39. Ke3 Rxh2
40. Rb5+ Kc6 41. Rxb4 h5 42. Rb8 Rg2 43. Rh8 g6 44. Rf8 Rxg3 45. Rxf6+ Kc5 46.
e5 Kd5 47. Kf4 Rg1 48. Rd6+ Kc5 49. Rd8 h4 50. Rh8 g5+ 51. Kf5 Rg3 52. f4 gxf4
53. Kxf4 Rxb3 1/2-1/2

[Event "BL 8485 Porz-Kreuzberg"]
[Site "?"]
[Date "1985.??.??"]
[Round "?.5"]
[White "Konieczka, F."]
[Black "Ostermeyer, P."]
[Result "0-1"]
[WhiteElo "2240"]
[BlackElo "2470"]
[PlyCount "50"]
[EventDate "1985.??.??"]

1. e4 c5 2. Nf3 d6 3. d3 g6 4. g3 Bg7 5. Bg2 Nc6 6. O-O e6 7. Nh4 Nge7 8. f4
O-O 9. Nd2 Rb8 10. c3 f5 11. exf5 gxf5 12. Nhf3 b5 13. Kh1 b4 14. c4 a5 15. Re1
h6 16. Rb1 Bd7 17. Nf1 Nd4 18. Nxd4 Bxd4 19. Be3 Nc6 20. Qh5 Qf6 21. g4 fxg4
22. f5 Bxe3 23. fxe6 Bxe6 24. Bxc6 Bd4 25. Rxe6 Qxf1+ 0-1

[Event "BL 8485 Porz-Kreuzberg"]
[Site "?"]
[Date "1985.??.??"]
[Round "?.6"]
[White "Gerusel, M."]
[Black "Federau, J."]
[Result "1-0"]
[WhiteElo "2390"]
[BlackElo "2210"]
[PlyCount "87"]
[EventDate "1985.??.??"]

1. d4 d5 2. c4 e6 3. Nc3 Nf6 4. Bg5 Be7 5. e3 O-O 6. Rc1 h6 7. Bh4 Nbd7 8. Nf3
c6 9. Bd3 dxc4 10. Bxc4 b5 11. Bd3 a6 12. O-O c5 13. Ne4 cxd4 14. Nxd4 Bb7 15.
Nd2 Ne5 16. Bb1 Qd5 17. f3 Rac8 18. Qe2 Qd7 19. Bg3 Nc6 20. N2b3 Nxd4 21. Nxd4
Rxc1 22. Rxc1 Rc8 23. Rd1 Rd8 24. Qd3 g6 25. Bc2 Nd5 26. Qe2 Bc5 27. Bf2 Qc8
28. Be4 Be7 29. Nb3 Nb6 30. Rxd8+ Bxd8 31. Bxb7 Qxb7 32. e4 Nd7 33. Qd2 Bb6 34.
Qxh6 Ne5 35. Nc5 Qc8 36. b4 Qd8 37. Qc1 a5 38. a3 Nc4 39. h3 Bc7 40. bxa5 Qd6
41. g3 Bxa5 42. Nb7 Qa6 43. Nxa5 Qxa5 44. Bc5 1-0

[Event "BL 8485 Lasker-Porz"]
[Site "?"]
[Date "1985.??.??"]
[Round "?.1"]
[White "Hort, V."]
[Black "Wockenfuss, K."]
[Result "1-0"]
[WhiteElo "2605"]
[BlackElo "2335"]
[PlyCount "73"]
[EventDate "1985.??.??"]

1. d4 d5 2. c4 e6 3. Nc3 c5 4. cxd5 exd5 5. Nf3 Nf6 6. Bg5 cxd4 7. Nxd4 Be7 8.
e3 O-O 9. Be2 Nc6 10. O-O Be6 11. Rc1 Rc8 12. a3 Nxd4 13. Qxd4 Qa5 14. Rfd1 h6
15. Bf4 a6 16. Qd2 Rfd8 17. Be5 Kf8 18. Bd4 b5 19. Bd3 Rc6 20. Rc2 Rdc8 21.
Rdc1 Qd8 22. Ne2 Rxc2 23. Rxc2 Rxc2 24. Qxc2 Qc8 25. Qb1 Qc6 26. Ng3 Ne8 27. h3
Bf6 28. Ne2 Bxd4 29. Nxd4 Qc5 30. Qe1 Qc7 31. Qb4+ Kg8 32. a4 bxa4 33. Qxa4
Qc1+ 34. Kh2 Nc7 35. Qb4 g5 36. Qe7 Qd2 37. Qd8+ 1-0

[Event "BL 8485 Lasker-Porz"]
[Site "?"]
[Date "1985.??.??"]
[Round "?.3"]
[White "Goehring, K."]
[Black "Cladouras, P."]
[Result "0-1"]
[WhiteElo "2355"]
[BlackElo "2295"]
[PlyCount "100"]
[EventDate "1985.??.??"]

1. d4 Nf6 2. c4 e6 3. Nc3 Bb4 4. Bg5 h6 5. Bh4 c5 6. d5 Bxc3+ 7. bxc3 d6 8. f3
e5 9. e4 Nbd7 10. Bd3 Nf8 11. Bf2 Bd7 12. Ne2 Qc7 13. Qc2 O-O-O 14. O-O-O Qa5
15. Qb2 g5 16. Be3 Ng6 17. g3 Rde8 18. Rdf1 Kc7 19. Kb1 Qb6 20. Ka1 Qxb2+ 21.
Kxb2 a6 22. Kc2 b5 23. Rb1 Rb8 24. Bd2 Rb7 25. Rhf1 Rhb8 26. h4 gxh4 27. gxh4
Nxh4 28. Bxh6 Ng6 29. Bg5 Nh5 30. Rh1 Nhf4 31. Nxf4 exf4 32. Bf6 bxc4 33. Rxb7+
Rxb7 34. Bxc4 Bb5 35. Kd3 Bxc4+ 36. Kxc4 Kd7 37. Rh7 Ke8 38. e5 dxe5 39. Kxc5
Rc7+ 40. Kb4 a5+ 41. Kb3 Rb7+ 42. Kc2 a4 43. Rh5 a3 44. Bxe5 Rb2+ 45. Kd3 Rxa2
46. Bd4 Ra1 47. Rh2 a2 48. c4 Rd1+ 49. Rd2 a1=Q 50. Bxa1 Rxa1 0-1

[Event "BL 8485 Lasker-Porz"]
[Site "?"]
[Date "1985.??.??"]
[Round "?.4"]
[White "Muse, M."]
[Black "Marian, R."]
[Result "1/2-1/2"]
[WhiteElo "2240"]
[BlackElo "2285"]
[PlyCount "99"]
[EventDate "1985.??.??"]

1. d4 Nf6 2. Nf3 e6 3. c4 d5 4. Nc3 Nbd7 5. Bg5 h6 6. Bh4 Be7 7. e3 O-O 8. Bd3
c5 9. cxd5 Nxd5 10. Bxe7 Nxe7 11. O-O cxd4 12. exd4 Nf6 13. Ne4 Ned5 14. Rc1 b6
15. Ne5 Bb7 16. Qf3 Qe7 17. a3 Rac8 18. h3 Rc7 19. Rxc7 Qxc7 20. g4 Nh7 21. Qg3
g5 22. Nc3 Nf4 23. Qe3 Nf6 24. Rc1 Qe7 25. Bf1 Kg7 26. Nd3 N6d5 27. Nxd5 Nxd5
28. Qe5+ f6 29. Qg3 Rd8 30. Bg2 Rd7 31. Qb8 Ba6 32. Bxd5 Bxd3 33. Bg2 Ba6 34.
Rd1 Rd8 35. Qg3 Qd6 36. Qe3 Bc4 37. Bf3 Rd7 38. Kg2 Bd5 39. Kg1 Bxf3 40. Qxf3
Qd5 41. Qxd5 Rxd5 42. Kg2 e5 43. Kf3 Kf7 44. Ke4 Ke6 45. Rd3 b5 46. dxe5 Rxd3
47. Kxd3 Kxe5 48. Ke3 a5 49. b3 Kd5 50. Kd3 1/2-1/2

[Event "BL 8485 Lasker-Porz"]
[Site "?"]
[Date "1985.??.??"]
[Round "?.7"]
[White "Schmidt, B."]
[Black "Jacoby, G."]
[Result "1/2-1/2"]
[WhiteElo "2340"]
[BlackElo "2245"]
[PlyCount "41"]
[EventDate "1985.??.??"]

1. Nf3 d5 2. b3 Nf6 3. Bb2 e6 4. c4 Be7 5. e3 O-O 6. Be2 b6 7. Nc3 Bb7 8. O-O
c5 9. d4 cxd4 10. Nxd4 Nbd7 11. cxd5 Nxd5 12. Nxd5 Bxd5 13. Rc1 Bc5 14. Qd2 Nf6
15. f3 Qe7 16. Ba6 Rfd8 17. Qe2 Bb7 18. Kh1 Nd5 19. Bxb7 Qxb7 20. Rfd1 Rac8 21.
g3 1/2-1/2

[Event "BL 8485 Kreuzberg-Frechen"]
[Site "?"]
[Date "1985.??.??"]
[Round "?.1"]
[White "Ott, W."]
[Black "Berg, K."]
[Result "0-1"]
[WhiteElo "2300"]
[BlackElo "2375"]
[PlyCount "94"]
[EventDate "1985.??.??"]

1. e4 c6 2. d3 d5 3. Nd2 Qc7 4. g3 Nf6 5. Bg2 dxe4 6. dxe4 e5 7. Ngf3 Bc5 8.
O-O O-O 9. c3 a5 10. a4 b6 11. b3 Ba6 12. c4 Bc8 13. Bb2 Re8 14. h3 Na6 15. g4
Nb4 16. Qe2 Nd7 17. Rfd1 Nf8 18. Nf1 Ng6 19. Ng3 Nf4 20. Qf1 f6 21. Bc3 Be6 22.
Bxb4 axb4 23. Ne2 Nxe2+ 24. Qxe2 Rad8 25. Bf1 Kf7 26. Rxd8 Rxd8 27. Rd1 Ke7 28.
Rd3 Rxd3 29. Qxd3 Qd6 30. Qc2 Qd7 31. Be2 g5 32. Qd1 Bxg4 33. hxg4 Qxg4+ 34.
Kf1 Qh3+ 35. Ke1 Qg2 36. Kd2 Qxf2 37. Kc2 g4 38. Ne1 g3 39. Nd3 Qh2 40. Ne1 g2
41. Nxg2 Qxg2 42. Qd3 Qg1 43. Qh3 Qe1 44. Bf1 Be3 45. Qxh7+ Kd6 46. c5+ bxc5
47. Bc4 Qc1+ 0-1

[Event "BL 8485 Kreuzberg-Frechen"]
[Site "?"]
[Date "1985.??.??"]
[Round "?.2"]
[White "Grzesik, T."]
[Black "Behling, R."]
[Result "1/2-1/2"]
[WhiteElo "2340"]
[BlackElo "2300"]
[PlyCount "102"]
[EventDate "1985.??.??"]

1. e4 c6 2. d4 d5 3. exd5 cxd5 4. Bd3 Nc6 5. c3 g6 6. Nf3 Bg7 7. h3 Nh6 8. O-O
O-O 9. Re1 f6 10. c4 Nb4 11. cxd5 Nxd5 12. Nc3 e6 13. Bc4 Nf7 14. Bxd5 exd5 15.
Qb3 b6 16. Nxd5 Bb7 17. Nf4 Re8 18. Rxe8+ Qxe8 19. Bd2 Qd7 20. Re1 Bh6 21. Nh5
Bg7 22. Nxg7 Kxg7 23. Qe3 Rd8 24. Bc3 Qd5 25. a3 Rd7 26. Qe8 Rd8 27. Qe7 Rd7
28. Qe8 Rd8 29. Qe6 Rd7 30. Qxd5 Bxd5 31. Nd2 Nd6 32. Nf1 Nf5 33. Ne3 Nxe3 34.
fxe3 Be4 35. Rd1 Kf7 36. Rf1 f5 37. g4 Ke6 38. gxf5+ gxf5 39. Kf2 Kd5 40. Rg1
Kc4 41. Rg8 Kd3 42. h4 Rf7 43. Rg3 Rd7 44. h5 Rf7 45. Bb4 Rc7 46. Bc3 Rf7 47.
Rg1 Kc2 48. Rg8 Kd3 49. Rg1 Kc2 50. Rg8 Kd3 51. Rg3 Rd7 1/2-1/2